| 000 | 00646nam a2200241 i 4500 | ||
|---|---|---|---|
| 001 | 6001 | ||
| 003 | ES-MaACL | ||
| 005 | 20250315062538.0 | ||
| 007 | t| | ||
| 008 | 890622s1987 sp ||||1| spa d | ||
| 020 | _a84-321-2382-X | ||
| 080 | _a86-14"19" | ||
| 080 | _a86(Guillen,R.7 M.01) | ||
| 100 |
_aGuillén, Rafael, _d1933-2023 _9235890 |
||
| 245 | 1 | 0 |
_aMis amados odres viejos / _cRafael Guillén. |
| 260 |
_aMadrid : _bRialp, _c1987. |
||
| 300 |
_a88 p. ; _c18 cm. |
||
| 490 | 1 |
_aAdonais ; _v444 |
|
| 830 | 0 | 0 |
_aAdonáis _v444 _9173743 |
| 852 |
_aES-MaACL _jJ-23-444 _bR.116429 |
||
| 942 | _2udc | ||
| 999 |
_c6001 _d6001 |
||